BLCHY (SIPHONAPTERA) KRYSY VODNEJ (ARVICOLA TERRESTRIS L., 1758) V PODMIENKACH SLOVENSKA

Bibliographic Details
Main Authors: Cyprich, Dušan, 1944- (Author), Kiefer, Matej, 1943- (Author), Kminiak, Milan, 1937- (Author)
Format: Article
Language:Slovak

MARC

LEADER 00000nab a2200000uu 4500
001 vtls011440941
003 SK-MaSNL
005 20260303123326.0
008 230213|1976 xo |||||||||||||||||slo|
015 |a SNBRB 
035 |a (urnnbn)urn:nbn:sk:snk:ar-002zng 
035 |a (uuid)06428065-82c7-4b4c-ae4a-0da3c9e8227c 
035 |a urn:nbn:sk:snk-abcfas 
040 |a SNKBUCL  |b slo  |c SNKBUCL  |e AACR2 
041 0 |a slo 
044 |a xo  |c SK 
100 1 |a Cyprich, Dušan,  |d 1944-  |4 aut  |9 5460 
245 1 0 |a BLCHY (SIPHONAPTERA) KRYSY VODNEJ (ARVICOLA TERRESTRIS L., 1758) V PODMIENKACH SLOVENSKA  |c Dušan Cyprich, Matej Kiefer, Milan Kminiak 
700 1 |a Kiefer, Matej,  |d 1943-  |4 aut  |9 37798 
700 1 |a Kminiak, Milan,  |d 1937-  |4 aut  |9 16033 
773 0 |t Biológia : časopis Slovenskej akadémie vied  |g Roč. 31, č. 8 (1976), s. 573-581 
954 |a odborná, vedecká literatúra pôvodná (slovenská)  |2 lita 
958 |a OND 
958 |a EUIPO 
958 |a article16 
999 |c 1925234  |d 1927164